00359nam a2200145Ia 4500003000400000005001700004008004100021040000700062041000800069082001900077100002100096245005000117260003800167365000800205OSt20230626105445.0210423s9999 xx 000 0 und d cAL aeng a370 223bPINP aPINTO (Ambrose). aPerspective in jesuit higher education today. bJoint Publication Of Indianc2021 cINR